000 00332nam a2200109Ia 4500
008 221009s9999 xx 000 0 und d
082 _a891.433/MIS/N
100 _aमिश्र , भगवत शरण
_978059
245 0 _aछत्रपति शिवाजी
260 _bराजेश प्रकाशन
942 _cBK
999 _c65106
_d65106